[Event "TUR-chT 1st League"]
[Site "Konya"]
[Date "2019.07.25"]
[Round "5.3"]
[White "Oksuz, Akin"]
[Black "Eminov, Orkhan"]
[Result "0-1"]
[WhiteElo "2183"]
[BlackElo "2314"]
[PlyCount "84"]
[EventDate "2019.07.22"]
[EventType "team-swiss"]
[EventRounds "9"]
[EventCountry "TUR"]
[SourceTitle "CBM 191 Extra"]
[Source "ChessBase"]
[SourceDate "2019.09.30"]
[SourceVersion "1"]
[SourceVersionDate "2019.09.30"]
[SourceQuality "1"]
[WhiteTeam "Genc Akademisyenler"]
[BlackTeam "Ankara Dernegi"]
[WhiteTeamCountry "TUR"]
[BlackTeamCountry "TUR"]

1. d4 Nf6 2. c4 g6 3. Nc3 d6 4. e4 Bg7 5. f3 0-0 6. Be3 Nc6 7. Qd2 a6 8. Rc1 Bd7 9. b3 e5 10. d5 Ne7 11. g4 c6 12. h3 c5 13. Bd3 Ne8 14. Rb1 f5 15. Rh2 Nf6 16. Kd1 b5 17. g5 Nh5 18. cxb5 axb5 19. Nxb5 fxe4 20. fxe4 Ng3 21. Nc3 Nf1 22. Bxf1 Rxf1+ 23. Kc2 Rxb1 24. Kxb1 Qb8 25. Qd3 Nf5 26. Bc1 Nd4 27. Rf2 Qa7 28. Qd2 Rb8 29. Bb2 Qa6 30. Nce2 Bb5 31. Nc1 c4 32. b4 Ba4 33. Qc3 Nb5 34. Qe3 c3 35. Bxc3 Na3+ 36. Ka1 Nc2+ 37. Rxc2 Bxc2 38. Nf3 Qa3 39. Ne1 Bxe4 40. Qd2 Bf5 41. h4 Rxb4 42. Bb2 Rxb2 0-1

[Event "TUR-chT"]
[Site "Ankara"]
[Date "2018.08.03"]
[Round "11.3"]
[White "Ozkan, Ervin"]
[Black "Oksuz, Akin"]
[Result "1/2-1/2"]
[WhiteElo "2171"]
[BlackElo "2167"]
[PlyCount "93"]
[EventDate "2018.07.25"]
[EventType "team-tourn"]
[EventRounds "13"]
[EventCountry "TUR"]
[SourceTitle "CBM 185 Extra"]
[Source "ChessBase"]
[SourceDate "2018.07.29"]
[SourceVersion "1"]
[SourceVersionDate "2018.07.29"]
[SourceQuality "1"]
[WhiteTeam "Bursa Buyuksehir"]
[BlackTeam "Genc Akademisyenler"]
[WhiteTeamCountry "TUR"]
[BlackTeamCountry "TUR"]

1. d4 d6 2. Nf3 g6 3. c4 f5 4. b4 Bg7 5. Bb2 Nf6 6. e3 0-0 7. Nc3 c6 8. Be2 Qc7 9. 0-0 h6 10. Qc2 e5 11. dxe5 dxe5 12. c5 Be6 13. Nd2 Qf7 14. Na4 Nd5 15. a3 b5 16. Nc3 Nxc3 17. Bxc3 Nd7 18. Qb2 e4 19. a4 a6 20. Ra3 Bxc3 21. Qxc3 Qf6 22. Qc2 Ne5 23. f4 exf3 24. Nxf3 Bd5 25. Qc3 Bxf3 26. Bxf3 Nxf3+ 27. Rxf3 Qxc3 28. Rxc3 bxa4 29. Ra3 a5 30. Rxa4 axb4 31. Rxb4 Ra5 32. Rf1 Rxc5 33. Rd1 Kg7 34. Rd6 g5 35. Rb7+ Rf7 36. Rxf7+ Kxf7 37. Rxh6 Rc2 38. h4 gxh4 39. Rxh4 Kf6 40. Kh2 c5 41. Kg3 Ke5 42. Kf3 Rd2 43. g4 fxg4+ 44. Rxg4 Kd5 45. e4+ Kd4 46. Rg8 Kc3 47. e5 1/2-1/2

[Event "EU-Cup 33rd"]
[Site "Antalya"]
[Date "2017.10.13"]
[Round "6.5"]
[White "Oksuz, Akin"]
[Black "Dedebas, Emre Emin"]
[Result "1/2-1/2"]
[WhiteElo "2150"]
[BlackElo "2253"]
[PlyCount "51"]
[EventDate "2017.10.08"]
[EventType "team-swiss"]
[EventRounds "7"]
[EventCountry "TUR"]
[SourceTitle "CBM 181"]
[Source "ChessBase"]
[SourceDate "2017.11.10"]
[SourceVersion "1"]
[SourceVersionDate "2017.11.10"]
[SourceQuality "1"]
[WhiteTeam "Genc Ara"]
[BlackTeam "Oslo Schakselskap"]
[WhiteTeamCountry "TUN"]
[BlackTeamCountry "NOR"]

1. d4 Nf6 2. c4 Nc6 3. Nc3 e5 4. d5 Ne7 5. a3 Ng6 6. e3 Be7 7. h4 d6 8. Qc2 c6 9. Bd3 Nf8 10. Nge2 N8d7 11. b4 cxd5 12. cxd5 a6 13. Bd2 b6 14. e4 h5 15. g3 Bb7 16. 0-0 0-0 17. f3 Ne8 18. Be3 g6 19. Rf2 Ng7 20. Rg2 Rc8 21. Qd2 Qe8 22. Na4 Qd8 23. Nac3 Qe8 24. Na4 Qd8 25. Nac3 Qe8 26. Na4 1/2-1/2

[Event "EU-Cup 33rd"]
[Site "Antalya"]
[Date "2017.10.09"]
[Round "2.6"]
[White "Vihinen, Teemu"]
[Black "Oksuz, Akin"]
[Result "0-1"]
[WhiteElo "2164"]
[BlackElo "2150"]
[PlyCount "112"]
[EventDate "2017.10.08"]
[EventType "team-swiss"]
[EventRounds "7"]
[EventCountry "TUR"]
[SourceTitle "CBM 181"]
[Source "ChessBase"]
[SourceDate "2017.11.10"]
[SourceVersion "1"]
[SourceVersionDate "2017.11.10"]
[SourceQuality "1"]
[WhiteTeam "Etela Vantaan"]
[BlackTeam "Genc Ara"]
[WhiteTeamCountry "FIN"]
[BlackTeamCountry "TUN"]

1. e4 d6 2. d4 Nf6 3. Nc3 e5 4. Nge2 Be7 5. h3 0-0 6. g3 c6 7. Bg2 b5 8. 0-0 b4 9. Na4 Ba6 10. Re1 Nbd7 11. b3 Re8 12. c4 bxc3 13. Nexc3 Bf8 14. Be3 Qa5 15. Rb1 Qb4 16. d5 cxd5 17. Nxd5 Nxd5 18. Qxd5 Nf6 19. Qd2 Qb7 20. Nc3 h6 21. Red1 Rac8 22. Nd5 Nxd5 23. Qxd5 Rc2 24. Qxb7 Bxb7 25. a4 a6 26. Rd2 Rec8 27. Rbd1 R2c3 28. Rd3 Be7 29. Bb6 Rxd3 30. Rxd3 Rc1+ 31. Kh2 g6 32. Ba5 f5 33. exf5 Bxg2 34. Kxg2 gxf5 35. Rc3 Rxc3 36. Bxc3 Kf7 37. f3 Ke6 38. Kf2 d5 39. Ke2 d4 40. Bd2 h5 41. g4 hxg4 42. hxg4 fxg4 43. fxg4 e4 44. Bh6 Bd6 45. Bg7 d3+ 46. Ke3 Bf4+ 47. Kf2 e3+ 48. Kf3 Kd5 49. Bc3 Kc5 50. Ba5 Bg5 51. Bc3 Kd5 52. Ba5 Kd4 53. Bb4 Bd8 54. g5 Bxg5 55. Ba5 e2 56. Be1 d2 0-1

[Event "EU-Cup 33rd"]
[Site "Antalya"]
[Date "2017.10.08"]
[Round "1.5"]
[White "Valsecchi, Alessio"]
[Black "Oksuz, Akin"]
[Result "1-0"]
[WhiteElo "2508"]
[BlackElo "2150"]
[PlyCount "109"]
[EventDate "2017.10.08"]
[EventType "team-swiss"]
[EventRounds "7"]
[EventCountry "TUR"]
[SourceTitle "CBM 181"]
[Source "ChessBase"]
[SourceDate "2017.11.10"]
[SourceVersion "1"]
[SourceVersionDate "2017.11.10"]
[SourceQuality "1"]
[WhiteTeam "Padova Obiettivo"]
[BlackTeam "Genc Ara"]
[WhiteTeamCountry "ITA"]
[BlackTeamCountry "TUN"]

1. Nf3 d6 2. d4 g6 3. g3 Bg7 4. Bg2 f5 5. c3 c6 6. a4 e5 7. dxe5 dxe5 8. Qxd8+ Kxd8 9. e4 Ne7 10. 0-0 Be6 11. a5 Re8 12. Ng5 Bg8 13. f4 h6 14. Nf3 exf4 15. Rd1+ Kc8 16. Bxf4 g5 17. Bd6 g4 18. Nh4 fxe4 19. Bxe7 Bb3 20. Re1 Rxe7 21. Nd2 Bd5 22. Nf5 Rd7 23. Nxg7 Rxg7 24. c4 Bg8 25. Nxe4 Kc7 26. Nf6 Nd7 27. Ne8+ Rxe8 28. Rxe8 Bxc4 29. Ra4 Bd5 30. Bxd5 cxd5 31. a6 b5 32. Rb4 Kb6 33. Re6+ Kc5 34. Rf4 b4 35. Kf2 Kb5 36. Ke3 Nb6 37. Rxh6 Nc4+ 38. Kd4 Nxb2 39. Rd6 Na4 40. Rxd5+ Kxa6 41. Kd3 Nb6 42. Rdd4 Rh7 43. Rxg4 Rxh2 44. Rxb4 Rh7 45. Rg5 Rd7+ 46. Rd4 Re7 47. Rd6 Re1 48. Rh6 Rd1+ 49. Ke2 Ra1 50. Kf3 Kb7 51. g4 Rb1 52. Rg7+ Kb8 53. Rh8+ Nc8 54. Rgg8 Rc1 55. g5 1-0